Changing land use in rural Scotland (Record no. 110234)

MARC details
000 -LEADER
fixed length control field 01379cad a22002895a 4500
001 - CONTROL NUMBER
control field E148805
008 - FIXED-LENGTH DATA ELEMENTS--GENERAL INFORMATION
fixed length control field 091111s2009 xxk f s000 0 eng d
020 ## - INTERNATIONAL STANDARD BOOK NUMBER
International Standard Book Number 9780755977161
035 ## - SYSTEM CONTROL NUMBER
System control number (Sirsi) u148805
041 0# - LANGUAGE CODE
Language code of text/sound track or separate title eng
050 04 - LIBRARY OF CONGRESS CALL NUMBER
Classification number 346.410438 $2 18
110 1# - MAIN ENTRY--CORPORATE NAME
Corporate name or jurisdiction name as entry element Macaulay Land Use Research Institute
9 (RLIN) 580
245 00 - TITLE STATEMENT
Title Changing land use in rural Scotland
Remainder of title drivers and decision-making
Medium [electronic resource]
260 ## - PUBLICATION, DISTRIBUTION, ETC.
Place of publication, distribution, etc. Edinburgh
Name of publisher, distributor, etc. Scottish Government Social Research
Date of publication, distribution, etc. 2009
490 #0 - SERIES STATEMENT
Series statement Agriculture, Fisheries and Rural Affairs Research Findings
Volume/sequential designation (8) 2009
520 ## - SUMMARY, ETC.
Summary, etc. Presents the results of research carried out as part of the Scottish Government Rural Land Use Study. The research looked at the causes of changes in the use of rural land; the consequences of these for decision-makers; and the various influences on, and motivations of, those decision-makers.
521 ## - TARGET AUDIENCE NOTE
Target audience note Advanced
590 ## - LOCAL NOTE (RLIN)
Local note KA
651 #4 - SUBJECT ADDED ENTRY--GEOGRAPHIC NAME
Geographic name Scotland
Chronological subdivision 1999-
690 ## - LOCAL SUBJECT ADDED ENTRY--TOPICAL TERM (OCLC, RLIN)
Topical term or geographic name as entry element PROPERTY-RURAL AND NATURAL ASSETS-RURAL AND NATURAL ASSET MANAGEMENT-LAND MANAGEMENT
710 1# - ADDED ENTRY--CORPORATE NAME
Corporate name or jurisdiction name as entry element Forest Research
710 1# - ADDED ENTRY--CORPORATE NAME
Corporate name or jurisdiction name as entry element Humboldt University of Berlin
710 1# - ADDED ENTRY--CORPORATE NAME
Corporate name or jurisdiction name as entry element Scottish Agricultural College
9 (RLIN) 3388
710 1# - ADDED ENTRY--CORPORATE NAME
Corporate name or jurisdiction name as entry element Scottish Crop Research Institute
856 40 - ELECTRONIC LOCATION AND ACCESS
Uniform Resource Identifier <a href="https://www.scotland.gov.uk/Publications/2009/11/05143002/0">https://www.scotland.gov.uk/Publications/2009/11/05143002/0</a>
Public note View the report free of charge at www.scotland.gov.uk...
942 ## - ADDED ENTRY ELEMENTS (KOHA)
Suppress in OPAC 0
Holdings
Withdrawn status Lost status Source of classification or shelving scheme Damaged status Not for loan Home library Current library Shelving location Date acquired Total Checkouts Full call number Barcode Date last seen Copy number Price effective from Koha item type
    Dewey Decimal Classification     Virtual Virtual Online 11/11/2009   ONLINE PUBLICATION 148805-2001 06/08/2019 1 06/08/2019 Book